Ekonomická teorie a metodologie Gustava Schmollera

Život Gustava Schmollera. Gustav Schmoller v kontexte nemeckej historickej školy. Ekonomická teória. Kritika liberalizmu a sociálna politika. Ekonomická teória v rámci vývojových stupňov. Kritika marxizmu a štátneho dirigizmu. Teória komparatívnej ekonomiky. Teória ceny a hodnoty. Teória peňazí. Met...

Description complète

Enregistré dans:
Détails bibliographiques
Auteur principal: Loužek, Marek
Format: Chapitre de livre
Langue:tchèque
Sujets:
Tags: Ajouter un tag
Pas de tags, Soyez le premier à ajouter un tag!

MARC

LEADER 00000naa a2200000 4500
001 r048128
005 20231002112803.9
041 0 |a cze 
044 |a CZ 
245 1 0 |a Ekonomická teorie a metodologie Gustava Schmollera  |c Marek Loužek 
520 |a Život Gustava Schmollera. Gustav Schmoller v kontexte nemeckej historickej školy. Ekonomická teória. Kritika liberalizmu a sociálna politika. Ekonomická teória v rámci vývojových stupňov. Kritika marxizmu a štátneho dirigizmu. Teória komparatívnej ekonomiky. Teória ceny a hodnoty. Teória peňazí. Metodológia G. Schmollera. 
610 2 0 |a teórie ekonomické 
610 2 0 |a životopisy 
610 2 0 |a metodológia 
610 2 0 |a hospodárstvo trhové 
610 2 0 |a liberalizmus 
610 2 0 |a kritika 
610 2 0 |a Schmoller, G. 
100 1 |a Loužek, Marek